| 000 | 00456cam a2200193ua 4500 | ||
|---|---|---|---|
| 001 | 7737 | ||
| 008 | 141222n ii |||gr||||Z||||||eng | ||
| 040 | _cMAIN | ||
| 041 | _aeng | ||
| 082 | _a920 | ||
| 100 |
_aBhat, G. K., _eAuthor. |
||
| 245 | 1 |
_aBhavabhuti _cBy G. K. Bhat |
|
| 250 | _a1st. | ||
| 260 |
_aNew Delhi: _bSahitya akaemi, _c1984. |
||
| 300 | _a87p. | ||
| 653 | _aBiography, genealogy & insignia | ||
| 653 | _aBengali biography | ||
| 942 | _cBK | ||
| 999 |
_c6858 _d6858 |
||